RUSSIA'S MARCH TOWARDS INDIA (Record no. 571365)

000 -LEADER
fixed length control field 00205nam a22000977a 4500
082 ## - DEWEY DECIMAL CLASSIFICATION NUMBER
Classification number 954 RUS
245 ## - TITLE STATEMENT
Title RUSSIA'S MARCH TOWARDS INDIA
260 ## - PUBLICATION, DISTRIBUTION, ETC.
Place of publication, distribution, etc. LONDON
Name of publisher, distributor, etc. SAMPSON
Date of publication, distribution, etc. 1990
300 ## - PHYSICAL DESCRIPTION
Extent VOL-2
942 ## - ADDED ENTRY ELEMENTS (KOHA)
Koha item type Book
Holdings
Withdrawn status Lost status Damaged status Not for loan Permanent Location Current Location Shelving location Date acquired Total Checkouts Full call number Barcode Date last seen Price effective from Koha item type
        College of Electrical & Mechanical Engineering (CEME) College of Electrical & Mechanical Engineering (CEME) General Stacks 07/21/2017   954 RUS CEME-22301 06/28/2021 06/28/2021 Book
© 2023 Central Library, National University of Sciences and Technology. All Rights Reserved.